| 000 | 00470nam a2200157Ia 4500 | ||
|---|---|---|---|
| 999 |
_c22140 _d22140 |
||
| 003 | OSt | ||
| 005 | 20200818122809.0 | ||
| 008 | 200818b ||||| |||| 00| 0 eng d | ||
| 040 | _coclc | ||
| 082 |
_a297 _bMAH/M |
||
| 100 |
_92062 _aMahmood, Tahir |
||
| 245 |
_aMuslim Lokathile Kudumbaniyama Parishkaram / _cTahir Mahmood |
||
| 260 |
_aTrivandrum: _bKerala Basha Institute: _c1978. |
||
| 300 | _a500p | ||
| 942 |
_2ddc _cBK _h297 _iMAH/M _k297 _mMAH/M |
||